[Event "SVK-ch U16"]
[Site "Tatralandia"]
[Date "2024.04.06"]
[Round "2"]
[White "Nedeljak, Marek"]
[Black "Vida, Gergo1"]
[Result "0-1"]
[WhiteElo "1505"]
[BlackElo "1674"]
[PlyCount "114"]
[EventDate "2024.04.05"]
[EventType "swiss"]
[EventRounds "9"]
[EventCountry "SVK"]
[SourceTitle "CB16_2024"]
[SourceDate "2024.04.17"]
[SourceVersion "1"]
[SourceVersionDate "2024.04.17"]
[SourceQuality "1"]

1. d4 Nf6 2. Nf3 g6 3. c4 Bg7 4. Nc3 d5 5. cxd5 Nxd5 6. e4 Nxc3 7. bxc3 0-0 8. Bc4 c5 9. Bb2 Bg4 10. Be2 cxd4 11. Nxd4 Bxe2 12. Qxe2 Qa5 13. 0-0 Nd7 14. Rfd1 Rfd8 15. Rd3 Qc7 16. Rad1 a6 17. Qd2 Nc5 18. Nb5 Rxd3 19. Nxc7 Rxd2 20. Rxd2 Rc8 21. Nd5 Bf8 22. f3 Na4 23. Rc2 Nxb2 24. Rxb2 Kg7 25. Rxb7 e6 26. Rc7 Rb8 27. Nb4 Bxb4 28. cxb4 Rxb4 29. Rc2 Kf6 30. h4 Ke7 31. Rd2 f5 32. exf5 exf5 33. Kf2 Rxh4 34. Rb2 Rd4 35. a3 Rd3 36. a4 Ra3 37. Rb4 a5 38. Rd4 Ke6 39. f4 Rb3 40. Rd2 Rb4 41. g3 Rxa4 42. Re2+ Re4 43. Ra2 a4 44. Kf3 Rc4 45. Ra3 Rb4 46. Kf2 h6 47. Ke2 g5 48. fxg5 hxg5 49. Kf2 g4 50. Ke2 Kd5 51. Kd2 Kc5 52. Kc2 Kb5 53. Kc3 Rb3+ 54. Rxb3+ axb3 55. Kxb3 f4 56. Kc3 fxg3 57. Kd3 g2 0-1